Антикризисное управление: учебник

מידע ביבליוגרפי
מחבר ראשי: Гореликов К. А. Кирилл Александрович
סיכום:В учебнике изложены теоретические основы отечественной и зарубежной практики антикризисного управления в производственном и финансовом секторе. Представлены основные понятия и категории, концептуальные основы антикризисного управления. Описываются технологии антикризисного управления как в отраслевом разрезе, так и с функциональной точки зрения, рассматриваются недостатки нормативно-правовой базы несостоятельности в РФ. Учебник позволяет выявить общее и особенное в антикризисном управлении монетарного и реального секторов экономики.Для студентов бакалавриата, обучающихся по направ­лениям подготовки «Менеджмент» и «Экономика», а так­же преподавателей факультетов экономики и управления.
שפה:רוסית
יצא לאור: Москва, Дашков и К, 2017
סדרה:Учебные издания для бакалавров
נושאים:
פורמט: ספר
KOHA link:https://koha.lib.tpu.ru/cgi-bin/koha/opac-detail.pl?biblionumber=319929

MARC

LEADER 00000nam0a2200000 4500
001 319929
005 20231102003228.0
010 |a 9785394024313 
035 |a (RuTPU)RU\TPU\book\345452 
090 |a 319929 
100 |a 20160617d2017 m y0rusy50 ca 
101 0 |a rus 
102 |a RU 
105 |a y j 001zy 
200 1 |a Антикризисное управление  |e учебник  |f К. А. Гореликов 
210 |a Москва  |c Дашков и К  |d 2017 
215 |a 214 с. 
225 1 |a Учебные издания для бакалавров 
320 |a Библиогр.: с. 213-214 
330 |a В учебнике изложены теоретические основы отечественной и зарубежной практики антикризисного управления в производственном и финансовом секторе. Представлены основные понятия и категории, концептуальные основы антикризисного управления. Описываются технологии антикризисного управления как в отраслевом разрезе, так и с функциональной точки зрения, рассматриваются недостатки нормативно-правовой базы несостоятельности в РФ. Учебник позволяет выявить общее и особенное в антикризисном управлении монетарного и реального секторов экономики.Для студентов бакалавриата, обучающихся по направ­лениям подготовки «Менеджмент» и «Экономика», а так­же преподавателей факультетов экономики и управления. 
606 1 |a Антикризисное управление  |2 stltpush  |3 (RuTPU)RU\TPU\subj\29215  |9 52599 
606 1 |a Антикризисное управление предприятием  |2 stltpush  |3 (RuTPU)RU\TPU\subj\72913  |9 86263 
610 1 |a экономические кризисы 
610 1 |a экономические циклы 
610 1 |a банкротство 
610 1 |a рыночная экономика 
610 1 |a плановая экономика 
610 1 |a Российская Федерация 
610 1 |a правовые механизмы 
610 1 |a антикризисные управляющие 
610 1 |a финансово-коммерческие операции 
610 1 |a банковский сектор 
610 1 |a кредитные организации 
610 1 |a санирование 
610 1 |a временная администрация 
610 1 |a реорганизация 
610 1 |a зарубежный опыт 
610 1 |a Центральная Европа 
610 1 |a Восточная Европа 
610 1 |a учебники 
686 |a У9(2)212я73  |v LBC/SL-A  |2 rubbk 
686 |a У9(2)29-2я73  |v LBC/SL-A  |2 rubbk 
700 1 |a Гореликов  |b К. А.  |g Кирилл Александрович 
801 1 |a RU  |b 63413507  |c 20160617 
801 2 |a RU  |b 63413507  |c 20160922  |g RCR 
900 |a Антикризисное управление 
942 |c BK 
954 |l 8.1 
959 |a 46/20160617  |d 1  |e 297,00  |f ЧЗГЛ:1